Utopismo socialista: 1830-1893

Gespeichert in:
Bibliographische Detailangaben
Format: Buch
Sprache:Spanisch
Veröffentlicht: Caracas Biblioteca Ayacucho 1977
Schriftenreihe:Biblioteca Ayacucho, 26
Schlagworte:
Tags: Tag hinzufügen
Keine Tags, Fügen Sie den ersten Tag hinzu!

MARC

LEADER 00000nam a2200000 a 4500
001 UCY4349
003 CL-VaPUC
008 950309e19770000VE |||||||||||||||||spa|d
082 0 4 |a 335.02  |b UTO  |2 21 
245 1 0 |a Utopismo socialista: 1830-1893 
300 |a 345 p 
942 |c BK 
945 |d 19950309 00:00:00  |a aalvarez 
260 |a Caracas  |b Biblioteca Ayacucho  |c 1977 
650 0 |a Socialismo  |9 255260 
650 0 |a Utopías  |9 255961 
583 |a last modification  |c 19950309 00:00:00  |k Rodrigo Vera 
490 0 |a Biblioteca Ayacucho, 26 
999 |c 232225  |d 232223 
952 |0 0  |1 0  |4 0  |6 335_020000000000000_UTO_1977  |7 0  |8 A  |9 236324  |a BIBHIS  |b BIBHIS  |d 2019-11-15  |i 3064166  |o 335.02 UTO 1977  |p 3064166  |r 2025-01-20  |w 2019-11-15  |y BK  |k HIS